01252nam a2200301Ia 4500001000700000003000500007008004100012010001100053040000900064090001700073100003600090245017800126260004100304300001000345502007700355650006600432650003900498650003000537700003500567901001700602902000600619910000900625942000600634942000600640999001900646952014200665952014300807Z_1730CHAP220113s1999 xx 000 0 und d a164822 cCHAP aTesis R 1396 aRamos Vergara, Alejandro994514 aDureza y consumo de bloques multinutricionales elaborados con dos tipos de aglomerantes y almacenados por tres meses /cpor Alejandro Ramos Vergara y Felipe Porras Pérez aChapingo, Méx. :bEl autor,c1999 a53 h. aTesis (Ing. Agr. Esp. en Zootecnia) -- UACH. Departamento de Zootecnia aAlimentos y alimentación del ganadoxValor nutritivo 94347 aBloques multinutricionales9138886 aPastos forrajeros 986094 aPorras Pérez, Felipe9138887 aTESIS R 1396 aM a1999 c2 c2 c164822d164822 00102local4051708TESISaZbZd2005-11-09eEl autorl0oTesis R36 1396 1999p5101002216r2022-01-18 00:00:00tEj.1w2022-01-18yTESIS 00102local4055708TESISaZbZd2005-11-09eEl autorl0oTesis R36 1396 1999 p5101002217r2022-01-18 00:00:00tEj.2w2022-01-18yTESIS